Tomás Campuzano y Aguirre (Record no. 17162)

MARC details
000 -LEADER
campo de control de longitud fija 01094nam a2200253 i 4500
001 - NÚMERO DE CONTROL
campo de control 17162
003 - IDENTIFICADOR DE NÚMERO DE CONTROL
campo de control ES-MaACL
005 - FECHA Y HORA DE LA ÚLTIMA TRANSACCIÓN
campo de control 20251109144932.0
007 - CAMPO FIJO DE DESCRIPCIÓN FÍSICA--INFORMACIÓN GENERAL
campo de control de longitud fija t|
008 - DATOS DE LONGITUD FIJA--INFORMACIÓN GENERAL
campo de control de longitud fija 010108s2000 sp ||||1| spa d
020 ## - NÚMERO INTERNACIONAL ESTÁNDAR DEL LIBRO
Número Internacional Estándar del Libro 84-95516-17-9
080 ## - NÚMERO DE LA CLASIFICACIÓN DECIMAL UNIVERSAL
Número de la Clasificación Decimal Universal 75 Campuzano, Tomás (064.3)
080 ## - NÚMERO DE LA CLASIFICACIÓN DECIMAL UNIVERSAL
Número de la Clasificación Decimal Universal 76 Campuzano, Tomás (064.3)
245 00 - MENCIÓN DEL TÍTULO
Título Tomás Campuzano y Aguirre
Resto del título (1857-1934) :
Mención de responsabilidad, etc. [Fundación Marcelino Botín]
260 ## - PUBLICACIÓN, DISTRIBUCIÓN, ETC.
Lugar de publicación, distribución, etc. Santander :
Nombre del editor, distribuidor, etc. Fundación Marcelino Botín,
Fecha de publicación, distribución, etc. [2000]
300 ## - DESCRIPCIÓN FÍSICA
Extensión 229 páginas :
Otras características físicas ilustraciones en color y blanco y negro ;
Dimensiones 30 cm
500 ## - NOTA GENERAL
Nota general Exposición: Fundación Marcelino Botín, Santander, del 4 de agosto al 10 de septiembre de 2000 ; Museo de la Real Academia de Bellas Artes de San Fernando y Calcografía Nacional, Madrid, del 17 de noviembre al 17 de diciembre de 2000
600 04 - PUNTO DE ACCESO ADICIONAL DE MATERIA--NOMBRE DE PERSONA
Nombre de persona Campuzano y Aguirre, Tomás,
Fechas asociadas al nombre 1857-1934-
Subdivisión de forma Exposiciones
9 (RLIN) 34351
655 #7 - TERMINO DE INDIZACIÓN--GENERO/FORMA
Fuente del término tgfbne
9 (RLIN) 193628
Datos o término principal de género/forma Catálogos de exposiciones
710 2# - ENTRADA AGREGADA--NOMBRE DE ENTIDAD CORPORATIVA
Nombre de entidad corporativa o nombre de jurisdicción como elemento de entrada Fundación Marcelino Botín.
9 (RLIN) 4365
852 ## - LOCALIZACIÓN
Ubicación ES-MaACL
Número de control de estantería L-23910
Sublocalización o colección R.129146
942 ## - ELEMENTOS DE ENTRADA SECUNDARIOS (KOHA)
Fuente del sistema de clasificación o colocación Clasificación decimal universal
Holdings
Estatus retirado Estado de pérdida Estado de daño No para préstamo Biblioteca de origen Biblioteca actual Ubicación en estantería Fecha de adquisición Fuente de adquisición Total de préstamos Signatura topográfica completa Código de barras Visto por última vez Precio de reemplazo Tipo de ítem Koha
        Biblioteca del Ateneo de Madrid Biblioteca del Ateneo de Madrid Depósito 2 17/01/2008     L-23910 1017508 23/02/2023 23/02/2023 Libro impreso